| 000 | 00521nam a2200181Ia 4500 | ||
|---|---|---|---|
| 003 | GCL | ||
| 008 | 140319s9999 xx 000 0 ara d | ||
| 040 |
_aGCL / _cGCL |
||
| 082 | 0 | 4 |
_a792.01 _bب ح |
| 100 | 1 | _aبرادبرى، مالكم | |
| 245 | 1 | 0 |
_aحرفية المسرح / _cبرادبرى، مالكم |
| 700 | 1 | _aرافت اخنوخ الدويرى (مترجم) | |
| 300 | _a135 ص | ||
| 490 |
_aالالف كتاب _v0 |
||
| 650 | 0 | 4 | _aالمسرح |
| 650 | 0 | 4 | _aالمسرح - نظريات |
| 942 |
_2ddc _cBK |
||
| 999 |
_c43554 _d43554 |
||